Transforming Africa's economies : economic report on Africa 2000 (Record no. 81403)
[ view plain ]
| 000 -LEADER | |
|---|---|
| fixed length control field | 01128nam a2200205 a 4500 |
| 008 - FIXED-LENGTH DATA ELEMENTS--GENERAL INFORMATION | |
| fixed length control field | 090930s2000 ||||||||||||||||| || u |
| 050 ## - LIBRARY OF CONGRESS CALL NUMBER | |
| Classification number | UN-ECA(058)ERA/2000 |
| 110 ## - MAIN ENTRY--CORPORATE NAME | |
| Corporate name or jurisdiction name as entry element | United Nations Economic Commission For Africa(UNECA) |
| 245 10 - TITLE STATEMENT | |
| Title | Transforming Africa's economies : economic report on Africa 2000 |
| Statement of responsibility, etc. | by United Nations Economic Commission on Africa (UN-ECA) |
| 260 ## - PUBLICATION, DISTRIBUTION, ETC. | |
| Place of publication, distribution, etc. | Addis Ababa : |
| Name of publisher, distributor, etc. | UNITED NATIONS |
| Date of publication, distribution, etc. | 2000 |
| 300 ## - PHYSICAL DESCRIPTION | |
| Extent | ix, 85p. ;ill |
| 350 ## - | |
| -- | 0.00 |
| 650 ## - SUBJECT ADDED ENTRY--TOPICAL TERM | |
| Topical term or geographic name entry element | ECONOMIES, AFRICAN ECONOMIES |
| 650 ## - SUBJECT ADDED ENTRY--TOPICAL TERM | |
| Topical term or geographic name entry element | TRANSITION ECONOMIES |
| 650 ## - SUBJECT ADDED ENTRY--TOPICAL TERM | |
| Topical term or geographic name entry element | REFORMING ECONOMIES |
| 650 ## - SUBJECT ADDED ENTRY--TOPICAL TERM | |
| Topical term or geographic name entry element | AFRICAN ECONOMIES |
| 995 ## - | |
| -- | SPECIAL COLLECTIONS |
| -- | 0.00 |
| -- | 03004606 |
| -- | CBU-MAIN LIBRARY (Kitwe) |
| -- | 1 |
| -- | 0.00 |
| -- | UN-ECA(058)ERA/2000/01C |
| -- | 3 |
| -- | AVAILABLE |
| -- | Mar 22, 2010 |
| -- | 03004606 |
| -- | International Publications |
| 995 ## - | |
| -- | SPECIAL COLLECTIONS |
| -- | 0.00 |
| -- | 45864 |
| -- | CBU-MAIN LIBRARY (Kitwe) |
| -- | 1 |
| -- | 0.00 |
| -- | UN-ECA(058)ERA/2000/01A |
| -- | 1 |
| -- | AVAILABLE |
| -- | Oct 5, 2009 |
| -- | 45864 |
| -- | International Publications |
| 995 ## - | |
| -- | SPECIAL COLLECTIONS |
| -- | 0.00 |
| -- | 45861 |
| -- | CBU-MAIN LIBRARY (Kitwe) |
| -- | 1 |
| -- | 0.00 |
| -- | UN-ECA(058)ERA/2000/01B |
| -- | 2 |
| -- | AVAILABLE |
| -- | Feb 24, 2010 |
| -- | 45861 |
| -- | International Publications |
| 999 ## - | |
| -- | 81403 |
| -- | 81403 |
| Withdrawn status | Lost status | Source of classification or shelving scheme | Damaged status | Not for loan | Permanent Location | Current Location | Shelving location | Date acquired | Total Checkouts | Full call number | Barcode | Date last seen | Copy number | Price effective from | Koha item type |
|---|---|---|---|---|---|---|---|---|---|---|---|---|---|---|---|
| CBU-MAIN LIBRARY, KITWE. | CBU-MAIN LIBRARY, KITWE. | 08/18/2023 | UN-ECA(058)ERA/2000/01C | 03004606 | 08/18/2023 | 1 | 08/18/2023 | SPECIAL COLLECTION | |||||||
| CBU-MAIN LIBRARY, KITWE. | CBU-MAIN LIBRARY, KITWE. | 08/18/2023 | UN-ECA(058)ERA/2000/01A | 45864 | 08/18/2023 | 2 | 08/18/2023 | SPECIAL COLLECTION | |||||||
| CBU-MAIN LIBRARY, KITWE. | CBU-MAIN LIBRARY, KITWE. | 08/18/2023 | UN-ECA(058)ERA/2000/01B | 45861 | 08/18/2023 | 3 | 08/18/2023 | SPECIAL COLLECTION |